Statistics for Countries that border Chad

Click here to take the quiz!

General Stats

  • This quiz has been taken 1,577 times
  • The average score is 5 of 6

Answer Stats

Answer% Correct
Sudan
90%
Libya
88%
Niger
88%
Central African Republic
71%
Nigeria
70%
Cameroon
47%

Score Distribution

Percentile by Number Answered

Percent of People with Each Score

Your Score History

You have not taken this quiz